000 00745nam a2200253Ia 4500
003 OSt
005 20240910110830.0
008 210331s9999||||xx |||||||||||||| ||und||
020 _a8177058048
040 _cSTCPL
041 _aMAL
041 _hMAL
082 _aM301
_bNAI-A
100 _aNair, K G B
_qകെ ജി ബി നായർ
245 0 _aAmmikkallum aattukallum touchingsum /
_cby K G B Nair
_hഅമ്മിക്കല്ലും ആട്ടുകല്ലും ടച്ചിങ്‌സും
260 _aThiruvanthapuram :
_bPrabhath Book House ,
_c2019 .
300 _a68 p.
_bPB
650 _aMalayalam
650 _aLiterature
650 _aStories
650 _aGeneral
942 _cBK
942 _2ddc
999 _c73621
_d73621